000 00418nam a2200181Ia 4500
005 20250221045757.0
008 240331s9999 xx 000 0 und d
082 _bPOL
_a954
100 _a
245 4 _aThe Polonnaruva period
250 _a3rd
260 _aDehiwala
_bTisara press
_c1973
300 _a206 p .,
650 _aArchitecture
650 _aBuddhism
700 _aSaparamadu, S.D.
_eedt
942 _cL
999 _c3459
_d3459